V predstihu Extraháreň KGP splnila celoročný plán

Bibliographic Details
Main Author: Geroč, Štefan (Author)
Format: Article
Language:Slovak
Subjects:

MARC

LEADER 00000nab a2200000 a 4500
001 vtls000343366
003 SK-MaSNL
005 20260302230329.0
008 111201c1988 xo 0 slo
015 |a SNBRB19rr/mm-uuuuu 
035 |a CL0343488 
040 |a SNKBUCL  |b slo  |c SNKBUCL  |e AACR2 
041 0 |a slo 
044 |a xo  |c SK 
080 |a 636.085:665.931/.936  |2 1981 
080 |a 665.931/.936  |2 1981 
080 |a 664.764  |2 1981 
100 1 |a Geroč, Štefan  |4 aut  |9 943050 
245 1 0 |a V predstihu  |b Extraháreň KGP splnila celoročný plán  |c Štefan Geroč 
650 0 7 |a Krmivársky a glejársky podnik, Liptovský Mikuláš  |2 snkbucl  |9 922724 
651 7 |a 5304  |2 snkbucl  |9 277630 
655 7 |a články z novín a časopisov  |2 snkbucl  |9 267496 
773 0 |t Časopis PZN  |g Roč. 19, č. 25 (1988), s. 7 
850 |a Slovenská národná knižnica v Martine  |a MTA001 
852 |a SNK  |b KIS3GCP 
958 |a RK 
992 |a RBX 
999 |c 1533263  |d 1535193